000 00303nam a2200133Ia 4500
999 _c14106
_d14106
003 OSt
005 20260327172442.0
008 260210s9999 xx 000 0 und d
020 _a9788997079865
100 _aDMP
245 0 _aShop: Good Shop Design, Good Business
260 _bDMP
942 _cBDES
_2ddc